000 00273nam a22001097a 4500
008 160426b xxu||||| |||| 00| 0 eng d
020 _a9780323052177
041 _aeng
080 _a618.2
245 1 0 _aContemporary nursing:
_cBarbara Cherry; Susan R. Jacob;
942 _2udc
_cBK
999 _c1615
_d1615